BLACK OPS: SECRET MILITARY OPERATIONS FROM 1914 TO THE PRESENT (Record no. 215923)

MARC details
000 -LEADER
fixed length control field 00563nam a22001577a 4500
008 - FIXED-LENGTH DATA ELEMENTS--GENERAL INFORMATION
fixed length control field 250717b |||||||| |||| 00| 0 eng d
020 ## - INTERNATIONAL STANDARD BOOK NUMBER
International Standard Book Number 978-0-23300-624-6
100 ## - MAIN ENTRY--PERSONAL NAME
Personal name WEST NIGEL
245 ## - TITLE STATEMENT
Title BLACK OPS: SECRET MILITARY OPERATIONS FROM 1914 TO THE PRESENT
260 ## - PUBLICATION, DISTRIBUTION, ETC.
Place of publication, distribution, etc. LONDON
Name of publisher, distributor, etc. WELBECK
Date of publication, distribution, etc. 2020
300 ## - PHYSICAL DESCRIPTION
Extent 208P.
500 ## - GENERAL NOTE
General note INCLUDES AN INDEX
650 ## - SUBJECT ADDED ENTRY
Topical term or geographic name entry element 1. SPECIAL OPERATIONS (MILITARY) — HISTORY 2. COVERT OPERATIONS — HISTORY 3. MILITARY INTELLIGENCE — HISTORY 4. COMMANDO OPERATIONS — HISTORY
942 ## - ADDED ENTRY ELEMENTS (KOHA)
Source of classification or shelving scheme Library of Congress Classification
Koha item type Long Loan Book
Holdings
Withdrawn status Lost status Source of classification or shelving scheme Damaged status Not for loan Collection Home library Current library Shelving location Date acquired Inventory number Total checkouts Full call number Barcode Date last seen Copy number Price effective from Koha item type
    Library of Congress Classification     Science & Technology Kisii University Library Kisii University Library On Display 07/17/2025 109203   U262 .W47 2020 000000019079 07/17/2025 1 07/17/2025 Long Loan Book
    Library of Congress Classification     Science & Technology Kisii University Library Kisii University Library On Display 07/17/2025 109204   U262 .W47 2020 000000018915 07/17/2025 2 07/17/2025 Long Loan Book
    Library of Congress Classification     Science & Technology Kisii University Library Kisii University Library On Display 07/17/2025 109205   U262 .W47 2020 000000018916 07/17/2025 3 07/17/2025 Long Loan Book